Repensar el multiculturalismo /

Reflexión desde la sociología de la educación acerca de los aspectos sociales que definen al "otro" en el marco del multiculturalismo norteamericano. Los autores desde una perspectiva pedagógica multiculturalista, buscan entender los mecanismos de opresión y discriminación, o de libertad y reconocim...

Повний опис

Збережено в:
Бібліографічні деталі
Автор: Kincheloe, Joe L. (autor)
Інші автори: Steingerg, Shirley R. (autor) (autor), Nash, Mary (prefacio) (prefacio)
Формат: Книга
Мова:Іспанська
Опубліковано: Barcelona, España : Octaedro, 1999, c1999
Серія:(Repensar la Educación ; 7)
Предмети:
Теги: Додати тег
Немає тегів, Будьте першим, хто поставить тег для цього запису!

MARC

LEADER 00000nam^a2200000^a^4500
001 000131660
005 20250521000000.0
009 20260310095030.35
020 |a 84-8063-424-3 
037 |a Acervo ITESO - Biblioteca 
041 |a ESP 
082 |a 370. 193420973  |b KIN 
100 |a Kincheloe, Joe L.  |e (autor) 
245 1 0 |a Repensar el multiculturalismo /  |c J.L. Kincheloe, S.R. Steinberg ; pref. de M. Nash. 
264 4 |a Barcelona, España :  |b Octaedro,  |c 1999, c1999 
300 |a 319 p. 
336 |a texto  |b txt  |2 rdacontenido 
337 |a sin mediación  |b n  |2 rdamedio 
338 |a volumen  |b nc  |2 rdasoporte 
440 1 |a (Repensar la Educación ;  |v 7) 
500 |a Traducción de: Changing Multiculturualism 
520 |a Reflexión desde la sociología de la educación acerca de los aspectos sociales que definen al "otro" en el marco del multiculturalismo norteamericano. Los autores desde una perspectiva pedagógica multiculturalista, buscan entender los mecanismos de opresión y discriminación, o de libertad y reconocimiento de las minorías raciales, de clase social y de género que se reproducen a través de la construcción y transmisión de conocimientos, valores e identidades en ámbitos sociales distintos. 
649 |a XX 
650 |a Minorías -  |z EUA -  |x Condiciones Sociales y Culturales 
650 |a Educación Intercultural 
650 |a Democracia -  |z EUA 
650 |a Poder (Ciencias Sociales) -  |z EUA 
650 |a Justicia e Injusticia -  |z EUA 
650 |a Razas -  |z EUA 
650 |a Identidad de Género -  |z EUA 
650 |a Identidad Cultural -  |z EUA 
650 |a Lucha de Clases -  |z EUA 
650 |a Cambios Sociales y Culturales -  |z EUA 
650 |a Diversidad Cultural -  |z EUA 
650 |a Problemas Sociales -  |z EUA 
650 |a Política Educativa -  |z EUA 
650 |a Educación y Política -  |z EUA 
650 |a Educación y Sociedad -  |z EUA 
650 |a Sociología de la Educación 
650 |a Sociología de la Cultura 
700 |a Steingerg, Shirley R.  |e (autor) 
700 |a Nash, Mary  |e (prefacio) 
910 |a Fondo General 
920 |a Impresos - Libros 
930 |a Colección General 
905 |a 101 
901 |a 0500062288  |b IT1  |c ACC  |u 20250521 
902 |a https://opac.biblio.iteso.mx/vufind/Record/000131660